| 000 | 00479 a2200193 4500 | ||
|---|---|---|---|
| 005 | 20260225095136.0 | ||
| 008 | 260224b |||||||| |||| 00| 0 eng d | ||
| 020 |
_a9788194361183 _cRs. 1200.00 |
||
| 040 | _aMAIN | ||
| 082 |
_a796.076137046 _bM687Y |
||
| 100 | _aMishra, Srikanta, ed. | ||
| 245 | _aYogic Sciences | ||
| 260 |
_bSports Publication _c2025 _aNew Delhi |
||
| 300 | _a329 | ||
| 650 | _aYoga | ||
| 650 | _aAsanas | ||
| 650 | _aPhysical Education | ||
| 942 | _cBK | ||
| 999 |
_c396210 _d396210 |
||